000
00340pab a2200145 454500
008
180718b1988 xxu||||| |||| 00| 0 eng d
100
_a
Nice, David C.
245
_a
State programs for crime victims
260
_c
1988
300
_a
25-41
362
_a
Fall
650
_a
Crime - U.S.A.
773
_a
Policy Studies Journal
909
_a
6900
999
_c
6900
_d
6900